[Event "Catalunya-ch U20"]
[Site "Vila Seca"]
[Date "2010.04.03"]
[Round "6"]
[White "Molinero Gomez, Sandra"]
[Black "Canti Sendra, Xavier"]
[Result "0-1"]
[WhiteElo "1832"]
[BlackElo "1855"]
[PlyCount "36"]
[EventDate "2010.03.31"]
[EventType "swiss"]
[EventRounds "9"]
[EventCountry "ESP"]
[SourceTitle "CBM 135 Extra"]
[Source "ChessBase"]
[SourceDate "2010.05.04"]
[SourceVersion "1"]
[SourceVersionDate "2010.05.04"]
[SourceQuality "1"]

1. Na3 Na6 2. Nb1 Nb8 3. e4 d5 4. exd5 Qxd5 5. Nc3 Qd6 6. d4 Nf6 7. Nf3 a6 8. Ne5 Nc6 9. Be3 Bf5 10. Nxc6 Qxc6 11. Qd2 0-0-0 12. 0-0-0 e6 13. Rg1 Bb4 14. Bg5 Ne4 15. Qe3 Nxg5 16. Qxg5 Bxc3 17. bxc3 Qxc3 18. Qxf5 exf5 0-1

[Event "Catalunya-ch U20"]
[Site "Catalunya"]
[Date "2008.03.23"]
[Round "7"]
[White "Canti Sendra, Xavier"]
[Black "Riera Morilla, Elizabeth"]
[Result "0-1"]
[WhiteElo "1583"]
[BlackElo "1925"]
[PlyCount "128"]
[EventDate "2008.03.19"]
[EventType "swiss"]
[EventRounds "9"]
[EventCountry "ESP"]
[SourceTitle "EXT 2010"]
[Source "ChessBase"]
[SourceDate "2010.11.25"]
[SourceVersion "1"]
[SourceVersionDate "2010.11.25"]
[SourceQuality "1"]

1. e4 c5 2. Nf3 g6 3. d4 cxd4 4. Nxd4 Bg7 5. Nc3 Nc6 6. Be3 Nf6 7. Qd2 0-0 8. f3 d5 9. 0-0-0 dxe4 10. Nxc6 Qxd2+ 11. Rxd2 bxc6 12. Nxe4 Nd5 13. Bg5 f6 14. c4 fxg5 15. cxd5 cxd5 16. Rxd5 Be6 17. Ra5 Rfc8+ 18. Kb1 g4 19. Bd3 gxf3 20. gxf3 Rab8 21. Rb5 Rxb5 22. Bxb5 Rb8 23. a4 a6 24. Bxa6 Rxb2+ 25. Kc1 Ra2 26. Ng3 Rxa4 27. Be2 Ra2 28. Rd1 Bh6+ 29. Kb1 Bf4 30. Re1 Kf7 31. Ne4 Ra5 32. Ng3 Be5 33. Kc2 Ra2+ 34. Kd3 Ra1 35. Rxa1 Bxa1 36. Ne4 h6 37. Ke3 g5 38. f4 g4 39. Kf2 Kg6 40. Kg3 h5 41. Ng5 Bd5 42. h3 gxh3 43. Kxh3 Bc3 44. Bd3+ Kh6 45. Be2 e5 46. Bf3 Bxf3 47. Nxf3 exf4 48. Ng1 Be1 49. Ne2 f3 50. Nd4 f2 51. Kg2 Kg5 52. Nf3+ Kf4 53. Nh2 Kg5 54. Nf3+ Kf4 55. Nh2 Ke4 56. Kf1 h4 57. Kg2 Kf4 58. Nf1 h3+ 59. Kxh3 Kf3 60. Nh2+ Ke2 61. Kg2 Ba5 62. Nf1 Bc7 63. Nd2 Bf4 64. Nf1 Ke1 0-1

[Event "Catalunya-ch U20"]
[Site "Catalunya"]
[Date "2008.03.22"]
[Round "5"]
[White "Canti Sendra, Xavier"]
[Black "Palomo Teruel, Xavier"]
[Result "0-1"]
[WhiteElo "1583"]
[BlackElo "1918"]
[PlyCount "40"]
[EventDate "2008.03.19"]
[EventType "swiss"]
[EventRounds "9"]
[EventCountry "ESP"]
[SourceTitle "EXT 2010"]
[Source "ChessBase"]
[SourceDate "2010.11.25"]
[SourceVersion "1"]
[SourceVersionDate "2010.11.25"]
[SourceQuality "1"]

1. e4 c5 2. Nf3 Nc6 3. d4 cxd4 4. Nxd4 e5 5. Nb5 a6 6. Nd6+ Bxd6 7. Qxd6 Qf6 8. Qd1 Nge7 9. Nc3 Qg6 10. f4 d6 11. f5 Nxf5 12. exf5 Bxf5 13. Nd5 Nd4 14. c3 Nc2+ 15. Kf2 Nxa1 16. Nc7+ Ke7 17. Nd5+ Kf8 18. Qa4 Be4 19. Nc7 Bc6 20. Bb5 Qxg2+ 0-1